00804nam a2200253 a 4500001001300000003000900013005001700022008004100039020002300080082001600103100002500119245007700144260003800221300000900259500003500268505002200303650001200325650002900337700002500366902000800391942000700399952012900406999001500535nice12345678IN_TiNIC20260116012305.0050524s1992 dela grp 000 0 eng  a8120207 c49500a306.69bENG aEngineer, Asghar Ali aPolitics of Confrontationb the Babri Masjid Ram Janambhoomi Controversy aDelhibAjanta Publications c1992 a477p aincludes index and biblioraphy2 aGlossaries, Index aAyodhya aIslam-Relations Hinduism1 aEngineer, Asghar Ali bSRS cBK 001040708StackRoom-aHMIbHMId2007-04-04g495.00l1o306.69 ENGp014708r2024-02-21s2024-02-14v495.00w2005-05-24yBK c6415d6415